000 01216nam a2200229Ia 4500
001 9305
003 GE_BSU
008 181216s||||||||xx |||||||||||||| ||und||
020 _a978448799
040 _cGE_BSU
080 _a81'42+821
245 _aსაერთაშორისო სამეცნიერო კონფერენცია:თანამედროვე ინტერდისციპლინარიზმი და ჰუმანიტარული აზროვნება
245 _bნაწ.2.ლინგვისტიკა.ლიტერატურათმცოდნეობა
245 _cმთ.რედ.ირმა ყიფიანი
260 _aქუთაისი
260 _bაკაკი წერეთლის სახ. უნ–ტის გამ–ბა
260 _c2013
300 _a498გვ.29სმ.
653 _aთანამედროვე ინტერდისციპლინარიზმი და ჰუმანიტარული აზროვნება
653 _aსაერთაშორისო სამეცნიერო კონფერენცია
942 _cBK
999 _c42602
_d42602